[Event "New Zealand Championship 2023"]
[Site "Wellington"]
[Date "2023.01.03"]
[Round "2.3"]
[White "Thomas, Ben"]
[Black "Croad, Nicolas"]
[Result "0-1"]
[WhiteElo "2200"]
[BlackElo "2442"]

1. d4 {[%clk 01:30:54] [%emt 00:00:05]} 1... Nf6 {[%clk 01:30:53] [%emt
00:00:08]} 2. Nf3 {[%clk 01:31:18] [%emt 00:00:05]} 2... g6 {[%clk 01:29:55]
[%emt 00:01:29]} 3. e3 {[%clk 01:31:42] [%emt 00:00:06]} 3... Bg7 {[%clk
01:30:18] [%emt 00:00:07]} 4. Bd3 {[%clk 01:32:05] [%emt 00:00:07]} 4... O-O
{[%clk 01:28:04] [%emt 00:02:44]} 5. Nbd2 {[%clk 01:27:21] [%emt 00:05:13]}
5... d6 {[%clk 01:26:28] [%emt 00:02:07]} 6. c3 {[%clk 01:17:34] [%emt
00:10:17]} 6... Nbd7 {[%clk 01:18:15] [%emt 00:08:43]} 7. Qc2 {[%clk 01:11:49]
[%emt 00:06:16]} 7... e5 {[%clk 01:16:51] [%emt 00:01:53]} 8. h4 {[%clk
01:12:01] [%emt 00:00:17]} 8... h5 {[%clk 01:12:31] [%emt 00:04:50]} 9. Ng5
{[%clk 01:11:50] [%emt 00:00:40]} 9... d5 {[%clk 01:10:06] [%emt 00:02:57]} 10.
b3 {[%clk 00:55:47] [%emt 00:16:33]} 10... c5 {[%clk 01:00:11] [%emt 00:10:24]}
11. O-O {[%clk 00:50:34] [%emt 00:05:43]} 11... cxd4 {[%clk 00:56:38] [%emt
00:04:04]} 12. cxd4 {[%clk 00:50:45] [%emt 00:00:18]} 12... e4 {[%clk 00:54:25]
[%emt 00:02:43]} 13. Be2 {[%clk 00:43:11] [%emt 00:08:04]} 13... Nb6 {[%clk
00:53:26] [%emt 00:01:29]} 14. f3 {[%clk 00:41:38] [%emt 00:02:03]} 14... exf3
{[%clk 00:52:51] [%emt 00:01:05]} 15. Ndxf3 {[%clk 00:35:39] [%emt 00:06:29]}
15... Bf5 {[%clk 00:52:43] [%emt 00:00:38]} 16. Bd3 {[%clk 00:32:52] [%emt
00:03:17]} 16... Rc8 {[%clk 00:52:00] [%emt 00:01:13]} 17. Qb1 {[%clk 00:33:11]
[%emt 00:00:10]} 17... Bxd3 {[%clk 00:50:04] [%emt 00:02:27]} 18. Qxd3 {[%clk
00:33:39] [%emt 00:00:02]} 18... Qe7 {[%clk 00:40:28] [%emt 00:10:06]} 19. a4
{[%clk 00:26:50] [%emt 00:07:20]} 19... Ne4 {[%clk 00:39:52] [%emt 00:01:06]}
20. Ba3 {[%clk 00:26:32] [%emt 00:00:48]} 20... Nd6 {[%clk 00:39:58] [%emt
00:00:23]} 21. Rae1 {[%clk 00:24:56] [%emt 00:02:07]} 21... f5 {[%clk 00:35:38]
[%emt 00:04:49]} 22. Qd2 {[%clk 00:23:59] [%emt 00:01:28]} 22... Rfd8 {[%clk
00:32:00] [%emt 00:04:08]} 23. Qb4 {[%clk 00:23:32] [%emt 00:00:57]} 23... Rc2
{[%clk 00:31:03] [%emt 00:01:26]} 24. Rf2 {[%clk 00:22:15] [%emt 00:01:47]}
24... Rxf2 {[%clk 00:29:58] [%emt 00:01:35]} 25. Kxf2 {[%clk 00:22:43] [%emt
00:00:02]} 25... Ne4+ {[%clk 00:29:45] [%emt 00:00:43]} 26. Nxe4 {[%clk
00:20:31] [%emt 00:02:42]} 26... Qxe4 {[%clk 00:27:54] [%emt 00:02:22]} 27. a5
{[%clk 00:17:18] [%emt 00:03:43]} 27... Bf8 {[%clk 00:20:09] [%emt 00:08:15]}
28. Qb5 {[%clk 00:14:01] [%emt 00:03:46]} 28... Bxa3 {[%clk 00:20:32] [%emt
00:00:07]} 29. axb6 {[%clk 00:14:24] [%emt 00:00:05]} 29... a6 {[%clk 00:20:59]
[%emt 00:00:05]} 30. Qa4 {[%clk 00:13:34] [%emt 00:01:21]} 30... Bd6 {[%clk
00:20:30] [%emt 00:00:59]} 31. b4 {[%clk 00:10:33] [%emt 00:03:31]} 31... Rc8
{[%clk 00:11:12] [%emt 00:09:48]} 32. Re2 {[%clk 00:08:58] [%emt 00:02:05]}
32... Qe7 {[%clk 00:06:24] [%emt 00:05:18]} 33. Rc2 {[%clk 00:07:52] [%emt
00:01:37]} 33... Re8 {[%clk 00:06:11] [%emt 00:00:43]} 34. Qb3 {[%clk 00:08:10]
[%emt 00:00:12]} 34... Qe4 {[%clk 00:05:08] [%emt 00:01:33]} 35. g3 {[%clk
00:07:55] [%emt 00:00:44]} 35... Rd8 {[%clk 00:01:24] [%emt 00:04:15]} 36. Ng5
{[%clk 00:05:54] [%emt 00:02:30]} 36... Bxg3+ {[%clk 00:01:50] [%emt 00:00:04]}
37. Kg1 {[%clk 00:03:04] [%emt 00:03:19]} 37... Qe7 {[%clk 00:01:29] [%emt
00:00:51]} 38. Nf3 {[%clk 00:02:29] [%emt 00:01:05]} 38... f4 {[%clk 00:00:51]
[%emt 00:01:09]} 39. Ne5 {[%clk 00:00:57] [%emt 00:02:01]} 39... fxe3 {[%clk
00:00:48] [%emt 00:00:34]} 40. Qxe3 {[%clk 00:31:02] [%emt 00:00:25]} 40...
Bxe5 {[%clk 00:30:38] [%emt 00:00:40]} 41. dxe5 {[%clk 00:31:18] [%emt
00:00:13]} 41... Qxb4 {[%clk 00:25:28] [%emt 00:05:40]} 42. Rg2 {[%clk
00:28:37] [%emt 00:03:10]} 42... Kh7 {[%clk 00:22:08] [%emt 00:03:51]} 43. e6
{[%clk 00:26:22] [%emt 00:02:44]} 43... Re8 {[%clk 00:21:14] [%emt 00:01:25]}
44. Qf2 {[%clk 00:18:09] [%emt 00:08:43]} 44... Qe7 {[%clk 00:20:12] [%emt
00:01:32]} 45. Qf7+ {[%clk 00:18:34] [%emt 00:00:05]} 45... Qxf7 {[%clk
00:20:36] [%emt 00:00:06]} 46. exf7 {[%clk 00:18:59] [%emt 00:00:05]} 46... Rf8
{[%clk 00:21:02] [%emt 00:00:04]} 47. Rd2 {[%clk 00:19:20] [%emt 00:00:09]}
47... Rxf7 {[%clk 00:21:14] [%emt 00:00:18]} 48. Rc2 {[%clk 00:19:44] [%emt
00:00:06]} 48... Kg7 {[%clk 00:21:15] [%emt 00:00:29]} 0-1

[Event "New Zealand Championship 2023"]
[Site "Wellington"]
[Date "2023.01.03"]
[Round "2.4"]
[White "Ker, Anthony F"]
[Black "Cummings, Nick"]
[Result "1-0"]
[WhiteElo "2425"]
[BlackElo "2153"]

1. e4 {[%clk 01:30:55] [%emt 00:00:04]} 1... c6 {[%clk 01:30:57] [%emt
00:00:04]} 2. d4 {[%clk 01:31:05] [%emt 00:00:19]} 2... d5 {[%clk 01:31:21]
[%emt 00:00:06]} 3. exd5 {[%clk 01:31:24] [%emt 00:00:11]} 3... cxd5 {[%clk
01:31:44] [%emt 00:00:07]} 4. Nf3 {[%clk 01:31:46] [%emt 00:00:08]} 4... Nf6
{[%clk 01:30:17] [%emt 00:01:57]} 5. Ne5 {[%clk 01:31:47] [%emt 00:00:29]} 5...
Nc6 {[%clk 01:26:24] [%emt 00:04:23]} 6. Bb5 {[%clk 01:31:53] [%emt 00:00:24]}
6... Bd7 {[%clk 01:25:32] [%emt 00:01:22]} 7. Nxd7 {[%clk 01:31:54] [%emt
00:00:30]} 7... Qxd7 {[%clk 01:23:36] [%emt 00:02:25]} 8. c3 {[%clk 01:32:15]
[%emt 00:00:10]} 8... e6 {[%clk 01:18:53] [%emt 00:05:13]} 9. O-O {[%clk
01:31:34] [%emt 00:01:10]} 9... Bd6 {[%clk 01:16:20] [%emt 00:03:03]} 10. Nd2
{[%clk 01:29:55] [%emt 00:02:10]} 10... Qc7 {[%clk 01:16:30] [%emt 00:00:19]}
11. Nf3 {[%clk 01:23:46] [%emt 00:06:39]} 11... O-O {[%clk 01:15:17] [%emt
00:01:44]} 12. Re1 {[%clk 01:23:42] [%emt 00:00:33]} 12... Rfd8 {[%clk
01:11:04] [%emt 00:04:43]} 13. Bg5 {[%clk 01:20:17] [%emt 00:03:55]} 13... Rab8
{[%clk 01:08:24] [%emt 00:03:11]} 14. Qe2 {[%clk 01:13:58] [%emt 00:06:49]}
14... Be7 {[%clk 01:05:07] [%emt 00:03:46]} 15. Bd3 {[%clk 01:11:21] [%emt
00:03:08]} 15... Nd7 {[%clk 00:58:36] [%emt 00:07:01]} 16. Bxe7 {[%clk
00:57:03] [%emt 00:14:48]} 16... Nxe7 {[%clk 00:59:04] [%emt 00:00:03]} 17.
Bxh7+ {[%clk 00:55:56] [%emt 00:01:37]} 17... Kxh7 {[%clk 00:57:39] [%emt
00:01:56]} 18. Ng5+ {[%clk 00:56:19] [%emt 00:00:06]} 18... Kg8 {[%clk
00:49:33] [%emt 00:08:36]} 19. Nxe6 {[%clk 00:49:44] [%emt 00:07:05]} 19...
fxe6 {[%clk 00:46:41] [%emt 00:03:22]} 20. Qxe6+ {[%clk 00:50:07] [%emt
00:00:07]} 20... Kh8 {[%clk 00:38:22] [%emt 00:08:49]} 21. Qh3+ {[%clk
00:48:42] [%emt 00:01:55]} 21... Kg8 {[%clk 00:38:38] [%emt 00:00:15]} 22. Rxe7
{[%clk 00:49:04] [%emt 00:00:08]} 22... Qd6 {[%clk 00:36:14] [%emt 00:02:53]}
23. Rae1 {[%clk 00:43:33] [%emt 00:06:00]} 23... Nf6 {[%clk 00:35:05] [%emt
00:01:41]} 24. R1e6 {[%clk 00:41:00] [%emt 00:03:03]} 24... Qf4 {[%clk
00:35:08] [%emt 00:00:27]} 25. g3 {[%clk 00:40:24] [%emt 00:01:07]} 25... Qf3
{[%clk 00:32:59] [%emt 00:02:39]} 26. Re5 {[%clk 00:20:12] [%emt 00:20:41]}
26... Rd6 {[%clk 00:24:10] [%emt 00:09:19]} 27. Rg5 {[%clk 00:19:25] [%emt
00:01:17]} 27... Ne8 {[%clk 00:23:35] [%emt 00:01:05]} 28. Rh5 {[%clk 00:19:03]
[%emt 00:00:52]} 28... Qd1+ {[%clk 00:19:56] [%emt 00:04:08]} 29. Kg2 {[%clk
00:19:27] [%emt 00:00:07]} 29... Kf8 {[%clk 00:20:10] [%emt 00:00:15]} 30. Rhe5
{[%clk 00:17:39] [%emt 00:02:18]} 30... Rh6 {[%clk 00:18:54] [%emt 00:01:45]}
31. Qd7 {[%clk 00:17:08] [%emt 00:01:02]} 31... Nf6 {[%clk 00:15:30] [%emt
00:03:55]} 32. Qe6 {[%clk 00:16:27] [%emt 00:01:10]} 32... Rxh2+ {[%clk
00:14:40] [%emt 00:01:21]} 33. Kxh2 {[%clk 00:16:50] [%emt 00:00:07]} 33...
Ng4+ {[%clk 00:15:04] [%emt 00:00:06]} 34. Kg2 {[%clk 00:17:13] [%emt
00:00:08]} 34... Nxe5 {[%clk 00:14:56] [%emt 00:00:38]} 35. dxe5 {[%clk
00:15:41] [%emt 00:02:01]} 1-0

[Event "New Zealand Championship 2023"]
[Site "Wellington"]
[Date "2023.01.03"]
[Round "2.5"]
[White "Archer, Ollie"]
[Black "Gong, Daniel Hanwen"]
[Result "0-1"]
[WhiteElo "2151"]
[BlackElo "2388"]

1. d4 {[%clk 01:30:57] [%emt 00:00:02]} 1... f5 {[%clk 01:30:55] [%emt
00:00:05]} 2. Bg5 {[%clk 01:31:21] [%emt 00:00:06]} 2... d6 {[%clk 01:31:19]
[%emt 00:00:07]} 3. Nc3 {[%clk 01:31:37] [%emt 00:00:13]} 3... g6 {[%clk
01:28:16] [%emt 00:03:33]} 4. e3 {[%clk 01:30:34] [%emt 00:01:34]} 4... Bg7
{[%clk 01:28:40] [%emt 00:00:06]} 5. h4 {[%clk 01:30:27] [%emt 00:00:36]} 5...
h6 {[%clk 01:28:57] [%emt 00:00:14]} 6. Bf4 {[%clk 01:30:51] [%emt 00:00:06]}
6... e5 {[%clk 01:19:48] [%emt 00:09:39]} 7. dxe5 {[%clk 01:30:28] [%emt
00:00:53]} 7... dxe5 {[%clk 01:20:14] [%emt 00:00:04]} 8. Qxd8+ {[%clk
01:30:48]} 8... Kxd8 {[%clk 01:20:41] [%emt 00:00:13]} 9. O-O-O+ {[%clk
01:29:22] [%emt 00:01:54]} 9... Nd7 {[%clk 01:20:44] [%emt 00:00:28]} 10. Bg3
{[%clk 01:28:50] [%emt 00:01:02]} 10... c6 {[%clk 01:21:04] [%emt 00:00:11]}
11. Nf3 {[%clk 01:23:54] [%emt 00:05:25]} 11... Ke7 {[%clk 01:20:51] [%emt
00:00:43]} 12. a4 {[%clk 01:20:50] [%emt 00:03:34]} 12... e4 {[%clk 01:07:06]
[%emt 00:14:16]} 13. Bd6+ {[%clk 01:20:23] [%emt 00:00:57]} 13... Ke8 {[%clk
01:07:19] [%emt 00:00:16]} 14. Nd4 {[%clk 01:20:32] [%emt 00:00:21]} 14... Ne5
{[%clk 00:48:45] [%emt 00:19:04]} 15. Ndb5 {[%clk 00:50:21] [%emt 00:30:41]}
15... cxb5 {[%emt 00:01:43]} 16. Nd5 {[%clk 00:50:44]} 16... Kf7 {[%clk
00:43:34] [%emt 00:04:35]} 17. Nc7 {[%clk 00:51:03] [%emt 00:00:11]} 17... Rb8
{[%clk 00:42:12] [%emt 00:01:52]} 18. Nd5 {[%clk 00:50:05] [%emt 00:01:28]}
18... Ng4 {[%clk 00:22:23] [%emt 00:20:20]} 19. Rd2 {[%clk 00:48:44] [%emt
00:01:51]} 19... Be6 {[%clk 00:18:39] [%emt 00:04:14]} 20. Bxb8 {[%clk
00:49:02] [%emt 00:00:12]} 20... Bxd5 {[%clk 00:19:06] [%emt 00:00:03]} 21.
Rxd5 {[%clk 00:49:19] [%emt 00:00:13]} 21... Ne7 {[%clk 00:19:29] [%emt
00:00:07]} 22. Rxb5 {[%clk 00:44:21] [%emt 00:05:29]} 22... Rxb8 {[%clk
00:19:45] [%emt 00:00:14]} 23. Bc4+ {[%clk 00:44:39] [%emt 00:00:11]} 23... Ke8
{[%clk 00:16:52] [%emt 00:03:22]} 24. Rd1 {[%clk 00:40:28] [%emt 00:04:42]}
24... Nxf2 {[%clk 00:13:35] [%emt 00:03:47]} 25. Rd6 {[%clk 00:40:49] [%emt
00:00:09]} 25... Ng4 {[%clk 00:13:07] [%emt 00:00:57]} 26. Kd2 {[%clk 00:39:24]
[%emt 00:01:56]} 26... Rc8 {[%clk 00:10:57] [%emt 00:02:39]} 27. Rxb7 {[%clk
00:39:10] [%emt 00:00:45]} 27... Rxc4 {[%clk 00:10:23] [%emt 00:01:04]} 28.
Rdd7 {[%clk 00:39:34] [%emt 00:00:06]} 28... Bf6 {[%clk 00:09:57] [%emt
00:00:57]} 29. b3 {[%clk 00:39:42] [%emt 00:00:22]} 29... Rc6 {[%clk 00:04:52]
[%emt 00:05:34]} 30. b4 {[%clk 00:38:42] [%emt 00:01:30]} 30... Ne5 {[%clk
00:04:24] [%emt 00:00:58]} 31. Rdc7 {[%clk 00:37:59] [%emt 00:01:13]} 31...
Rxc7 {[%clk 00:01:39] [%emt 00:03:16]} 32. Rxc7 {[%clk 00:38:22] [%emt
00:00:06]} 32... a6 {[%clk 00:02:01] [%emt 00:00:08]} 33. b5 {[%clk 00:37:55]
[%emt 00:00:57]} 33... axb5 {[%clk 00:02:08] [%emt 00:00:23]} 34. a5 {[%clk
00:38:19] [%emt 00:00:05]} 34... Nc4+ {[%clk 00:02:27] [%emt 00:00:11]} 35. Ke2
{[%clk 00:38:29] [%emt 00:00:20]} 35... Nxa5 {[%clk 00:02:53] [%emt 00:00:04]}
36. h5 {[%clk 00:38:29] [%emt 00:00:30]} 36... g5 {[%clk 00:02:13] [%emt
00:01:10]} 37. Rc5 {[%clk 00:38:44] [%emt 00:00:14]} 37... f4 {[%clk 00:02:22]
[%emt 00:00:22]} 38. Rxb5 {[%clk 00:38:48] [%emt 00:00:25]} 38... Nac6 {[%clk
00:02:23] [%emt 00:00:29]} 39. Rb6 {[%clk 00:38:30] [%emt 00:00:48]} 39... fxe3
{[%clk 00:02:42] [%emt 00:00:11]} 40. Ra6 {[%clk 01:08:41] [%emt 00:00:18]}
40... Bd4 {[%clk 00:32:35] [%emt 00:00:37]} 41. c3 {[%clk 01:08:46] [%emt
00:00:26]} 41... Bc5 {[%clk 00:32:43] [%emt 00:00:20]} 42. Ra4 {[%clk 01:09:05]
[%emt 00:00:13]} 42... Kd7 {[%clk 00:32:52] [%emt 00:00:21]} 43. Rxe4 {[%clk
01:09:17] [%emt 00:00:19]} 43... Nd5 {[%clk 00:33:13] [%emt 00:00:09]} 44. Kd3
{[%clk 01:08:54] [%emt 00:00:53]} 44... e2 {[%clk 00:32:56] [%emt 00:00:47]}
45. Kc4 {[%clk 01:08:36] [%emt 00:00:47]} 45... Ne3+ {[%clk 00:33:22] [%emt
00:00:04]} 0-1

[Event "New Zealand Championship 2023"]
[Site "Wellington"]
[Date "2023.01.03"]
[Round "2.6"]
[White "Cilia Vincenti, David"]
[Black "Steadman, Michael V R"]
[Result "1-0"]
[WhiteElo "2136"]
[BlackElo "2306"]

1. c4 {[%clk 01:30:57] [%emt 00:00:02]} 1... e5 {[%clk 01:29:32] [%emt
00:01:29]} 2. Nc3 {[%clk 01:31:19] [%emt 00:00:08]} 2... Nf6 {[%clk 01:29:30]
[%emt 00:00:32]} 3. Nf3 {[%clk 01:31:40] [%emt 00:00:08]} 3... d6 {[%clk
01:29:45] [%emt 00:00:16]} 4. d4 {[%clk 01:31:47] [%emt 00:00:23]} 4... Nbd7
{[%clk 01:29:51] [%emt 00:00:24]} 5. e4 {[%clk 01:32:05] [%emt 00:00:12]} 5...
c6 {[%clk 01:29:51] [%emt 00:00:30]} 6. Be2 {[%clk 01:32:21] [%emt 00:00:13]}
6... Qc7 {[%clk 01:30:13] [%emt 00:00:09]} 7. O-O {[%clk 01:32:17] [%emt
00:00:33]} 7... Be7 {[%clk 01:30:25] [%emt 00:00:18]} 8. h3 {[%clk 01:32:31]
[%emt 00:00:17]} 8... a6 {[%clk 01:25:23] [%emt 00:05:32]} 9. Be3 {[%clk
01:29:07] [%emt 00:03:54]} 9... O-O {[%clk 01:23:50] [%emt 00:02:03]} 10. d5
{[%clk 01:26:00] [%emt 00:03:37]} 10... Nc5 {[%clk 01:18:59] [%emt 00:05:21]}
11. Nd2 {[%clk 01:23:00] [%emt 00:03:29]} 11... a5 {[%clk 01:15:48] [%emt
00:03:42]} 12. b3 {[%clk 01:19:44] [%emt 00:03:46]} 12... Re8 {[%clk 01:13:54]
[%emt 00:02:24]} 13. a3 {[%clk 01:19:48] [%emt 00:00:26]} 13... Na6 {[%clk
01:10:47] [%emt 00:03:37]} 14. b4 {[%clk 01:14:11] [%emt 00:06:07]} 14... h6
{[%clk 01:04:39] [%emt 00:06:38]} 15. Nb3 {[%clk 01:01:15] [%emt 00:13:26]}
15... axb4 {[%clk 00:59:02] [%emt 00:06:07]} 16. axb4 {[%clk 01:01:20] [%emt
00:00:24]} 16... Bd7 {[%clk 00:59:00] [%emt 00:00:33]} 17. b5 {[%clk 00:58:47]
[%emt 00:03:02]} 17... Nb4 {[%clk 00:55:31] [%emt 00:04:00]} 18. b6 {[%clk
00:56:05] [%emt 00:03:12]} 18... Qc8 {[%clk 00:54:21] [%emt 00:01:40]} 19. Rxa8
{[%clk 00:46:43] [%emt 00:09:52]} 19... Qxa8 {[%clk 00:54:35] [%emt 00:00:16]}
20. c5 {[%clk 00:46:42] [%emt 00:00:30]} 20... cxd5 {[%clk 00:54:07] [%emt
00:00:58]} 21. exd5 {[%clk 00:40:03] [%emt 00:07:09]} 21... Rc8 {[%clk
00:46:52] [%emt 00:07:46]} 22. f4 {[%clk 00:36:02] [%emt 00:04:31]} 22... e4
{[%clk 00:42:12] [%emt 00:05:10]} 23. g4 {[%clk 00:33:05] [%emt 00:03:26]}
23... Na2 {[%clk 00:40:12] [%emt 00:02:30]} 24. Nxa2 {[%clk 00:31:13] [%emt
00:02:22]} 24... Qxa2 {[%clk 00:40:40] [%emt 00:00:02]} 25. g5 {[%clk 00:30:11]
[%emt 00:01:32]} 25... hxg5 {[%clk 00:35:21] [%emt 00:05:49]} 26. fxg5 {[%clk
00:30:16] [%emt 00:00:24]} 26... Nh7 {[%clk 00:35:03] [%emt 00:00:51]} 27. Bg4
{[%clk 00:27:58] [%emt 00:02:45]} 27... Bxg4 {[%clk 00:30:11] [%emt 00:05:23]}
28. Qxg4 {[%clk 00:28:16] [%emt 00:00:11]} 28... Rf8 {[%clk 00:30:31] [%emt
00:00:11]} 29. g6 {[%clk 00:24:01] [%emt 00:04:45]} 29... Nf6 {[%clk 00:28:45]
[%emt 00:02:17]} 30. gxf7+ {[%clk 00:24:08] [%emt 00:00:23]} 30... Rxf7 {[%clk
00:28:44] [%emt 00:00:31]} 31. Qc8+ {[%clk 00:23:38] [%emt 00:00:59]} 31... Bf8
{[%clk 00:28:06] [%emt 00:01:08]} 32. Nd4 {[%clk 00:21:20] [%emt 00:02:48]}
32... Qxd5 {[%clk 00:26:44] [%emt 00:01:53]} 33. c6 {[%clk 00:20:25] [%emt
00:01:25]} 33... Qe5 {[%clk 00:24:40] [%emt 00:02:35]} 34. Nf5 {[%clk 00:14:47]
[%emt 00:06:07]} 34... Qd5 {[%clk 00:19:06] [%emt 00:06:05]} 35. c7 {[%clk
00:12:51] [%emt 00:02:26]} 35... Nd7 {[%clk 00:16:49] [%emt 00:02:46]} 36.
Qxf8+ {[%clk 00:11:18] [%emt 00:02:02]} 1-0